MARC details
| 000 -LEADER |
| campo de control de longitud fija |
03512nam a2200433 i 4500 |
| 001 - NÚMERO DE CONTROL |
| campo de control |
196401 |
| 003 - IDENTIFICADOR DE NÚMERO DE CONTROL |
| campo de control |
ES-GrU |
| 005 - FECHA Y HORA DE LA ÚLTIMA TRANSACCIÓN |
| campo de control |
20250826063155.0 |
| 007 - CAMPO FIJO DE DESCRIPCIÓN FÍSICA--INFORMACIÓN GENERAL |
| campo de control de longitud fija |
ta |
| 008 - DATOS DE LONGITUD FIJA--INFORMACIÓN GENERAL |
| campo de control de longitud fija |
240925e2024 sp a||||r 001 0bspa d |
| 017 ## - NÚMERO DE COPYRIGHT O DE DEPÓSITO LEGAL |
| Número de copyright o de depósito legal |
PO 214-2024 |
| Agencia que asigna |
Oficina Depósito Legal Pontevedra |
| 020 ## - NÚMERO INTERNACIONAL ESTÁNDAR DEL LIBRO |
| Número Internacional Estándar del Libro |
978-84-1343-301-1 |
| 040 ## - FUENTE DE CATALOGACIÓN |
| Centro catalogador/agencia de origen |
UGR |
| Normas de descripción |
rda |
| Lengua de catalogación |
spa |
| Centro/agencia transcriptor |
ES-MaACL |
| 049 ## - FONDOS LOCALES (OCLC) |
| Biblioteca depositaria |
TOR |
| 080 ## - NÚMERO DE LA CLASIFICACIÓN DECIMAL UNIVERSAL |
| Número de la Clasificación Decimal Universal |
070.42-055.2 |
| 080 ## - NÚMERO DE LA CLASIFICACIÓN DECIMAL UNIVERSAL |
| Número de la Clasificación Decimal Universal |
929 Burgos, Carmen de |
| 100 1# - ENTRADA PRINCIPAL--NOMBRE DE PERSONA |
| Nombre de persona |
Pedregosa, Alejandro, |
| Fechas asociadas al nombre |
1974- |
| Término indicativo de función/relación |
Autor |
| 9 (RLIN) |
238891 |
| 245 10 - MENCIÓN DEL TÍTULO |
| Título |
Vocación de libertad : |
| Resto del título |
vida de Carmen de Burgos / |
| Mención de responsabilidad, etc. |
Alejandro Pedregosa ; ilustraciones de Carmen F. Agudo |
| 250 ## - MENCION DE EDICION |
| Mención de edición |
Primera edición: junio, 2024 |
| 264 #1 - PRODUCCIÓN, PUBLICACIÓN, DISTRIBUCIÓN, FABRICACIÓN Y COPYRIGHT |
| Producción, publicación, distribución, fabricación y copyright |
Pontevedra : |
| Nombre del de productor, editor, distribuidor, fabricante |
Kalandraka, |
| Fecha de producción, publicación, distribución, fabricación o copyright |
[2024] |
| 300 ## - DESCRIPCIÓN FÍSICA |
| Extensión |
72 páginas : |
| Otras características físicas |
ilustraciones (color) ; |
| Dimensiones |
21 cm. |
| 336 ## - TIPO DE CONTENIDO |
| Término de tipo de contenido |
texto |
| Código de tipo de contenido |
txt |
| Fuente |
rdacontent |
| 337 ## - TIPO DE MEDIO |
| Nombre/término del tipo de medio |
sin mediación |
| Código del tipo de medio |
n |
| Fuente |
rdamedia |
| 338 ## - TIPO DE SOPORTE |
| Nombre/término del tipo de soporte |
volumen |
| Código del tipo de soporte |
nc |
| Fuente |
rdacarrier |
| 440 1# - MENCIÓN DE SERIE/PUNTO DE ACCESO ADICIONAL--TÍTULO |
| Título |
|
| 9 (RLIN) |
242045 |
| 490 1# - MENCIÓN DE SERIE |
| Mención de serie |
Biografías (Kalandraka) ; |
| Designación de volumen o secuencia |
3 |
| 500 ## - NOTA GENERAL |
| Nota general |
Biografía de la primera periodista profesional de nuestro país. Una gran mujer que superó las convenciones de su época |
| 520 3# - RESUMEN, ETC. |
| Sumario, etc. |
Trayectoria vital de la primera periodista profesional en España y primera corresponsal de guerra, además de pionera en la defensa de los derechos de las mujeres. Pedregosa traza una semblanza de Carmen de Burgos con el ritmo ágil, la sensibilidad y el tono cercano que caracterizan su obra narrativa, poniendo en valor la figura de una intelectual absoluta -maestra, periodista, escritora, traductora, conferenciante, ateneísta…- que acabó siendo desterrada de la memoria colectiva. Además de colaborar en una revista satírica, Carmen de Burgos se graduó en Enseñanza Elemental Primaria y Enseñanza Superior, y logró una plaza en la Escuela Normal de Maestras de Guadalajara. Se distinguió como una activa promotora del sufragio femenino, la educación sexual, la legalización del divorcio o la abolición de la pena de muerte. En esta biografía destaca el hito que supuso firmar un contrato con el "Diario universal" para publicar columnas -bajo el seudónimo de Colombine- que trataban avances procedentes del ámbito europeo. De su faceta periodística también sobresale su papel como corresponsal de "El Heraldo de Madrid" en la Guerra de Melilla. Formó parte de la Asociación de la Prensa de Madrid y organizó una tertulia en la que participaron numerosos intelectuales. Al proclamarse la II República vio cumplidas sus aspiraciones con el reconocimiento del matrimonio civil, el divorcio y el voto femenino. Por este bagaje, tras la guerra civil su obra fue prohibida por la censura franquista. Así, las ilustraciones de F. Agudo muestran a la protagonista en distintas etapas, utilizando como recurso estético las marcas de patronaje que representan, simbólicamente, a una mujer que desafió las pautas y los convencionalismos de su época |
| 600 14 - PUNTO DE ACCESO ADICIONAL DE MATERIA--NOMBRE DE PERSONA |
| Nombre de persona |
Burgos, Carmen de, |
| Fechas asociadas al nombre |
1867-1932- |
| Subdivisión general |
Biografías |
| 9 (RLIN) |
32647 |
| 655 #0 - TERMINO DE INDIZACIÓN--GENERO/FORMA |
| Datos o término principal de género/forma |
Biografías |
| 9 (RLIN) |
176647 |
| 700 1# - ENTRADA AGREGADA--NOMBRE PERSONAL |
| Nombre de persona |
Fernández Agudo, Carmen, |
| Fechas asociadas al nombre |
1973- |
| Término indicativo de función/relación |
Ilustrador |
| 9 (RLIN) |
238894 |
| 830 #0 - PUNTO DE ACCESO ADICIONAL DE SERIE-TÍTULO UNIFORME |
| Título uniforme |
Biografías (Kalandraka) ; |
| Designación de volumen o secuencia |
3 |
| 9 (RLIN) |
238895 |
| 852 4# - LOCALIZACIÓN |
| Ubicación |
ES-MaACL |
| Ubicación en estantería |
Depósito J |
| Anotaciones manuscritas |
Dedicatoria autógrafa del autor |
| Donativo/Legado |
Donación: Alejandro Pedregosa |
| Número de control de estantería |
N-10182 |
| Encuadernación |
Rústica con una goma |
| itemnumber |
206309 |
| 903 ## - NOMBRE PERSONAL DE DONANTE |
| 9 |
238891 |
| a |
Pedregosa Morales, Alejandro, |
| d |
1974- |
| e |
Donante |
| 942 ## - ELEMENTOS DE ENTRADA SECUNDARIOS (KOHA) |
| Tipo de ítem Koha |
Libro impreso |
| Suprimir en OPAC |
No |